00966nam a2200181 a 450000100100000000500170001000800410002704000250006810000330009324501210012624600960024726000770034330000200042095201110044095201110055195201050066299900170076700003808620201002031154.0130313s2010 dr 000 0 spa d aDO-SdBNPbspacBNPHU1 aMartínez, Radamés93781413aEl componente participación de la ley del Distrito Nacional y los municipios (ley 176-07) /cRadamés Martínez.14aEl componente participación de la ley del Distrito Nacional y los municipios (ley 176-07) aSanto Domingo :bConsejo Nacional de Reforma del Estado (CONARE),c2010. a11 p. ;c29 cm. 0010718DSaGRbGRcCTd2013-03-13iLF1l0o p38086-30r2020-06-25te. 3w2020-06-25yLFDSZNo se presta 0010718PDaPDbPDcCTd2013-03-13iLF1l0o p38086-10r2020-06-25te. 2w2020-06-25yLFPDZNo se presta 0010718PDaPDbPDcCTd2013-03-13iLF1l0o p38086-20r2020-06-25w2020-06-25yLFPDZNo se presta c37576d37576